[Event "Nakhchivan Open 2016"]
[Site "Nakhchivan AZE"]
[Date "2016.05.16"]
[Round "7.14"]
[White "Bagheri, Maziar"]
[Black "Pirverdiyev, Agil"]
[Result "0-1"]
[WhiteElo "2266"]
[BlackElo "2355"]
[WhiteFideId "12530913"]
[BlackFideId "13400568"]
[EventDate "2016.05.10"]

1. Nf3 d5 2. d4 Nf6 3. c4 c6 4. Nc3 a6 5. e3 b5 6. cxd5 cxd5 7. Bd3 e6 8. O-O
Bb7 9. a4 b4 10. Nb1 Nbd7 11. Nbd2 Bd6 12. a5 O-O 13. Nb3 Qe7 14. Qe2 Ne4 15.
Bd2 f5 16. Rfc1 Rf6 17. Rc2 Rh6 18. g3 g5 19. Rac1 g4 20. Ne1 Qe8 21. Qf1 Ng5
22. Qg2 Rf6 23. f4 gxf3 24. Nxf3 Ne4 25. Be1 Rf7 26. Qe2 Rg7 27. Kh1 Qh5 28. Nh4
Qh6 29. Bxe4 dxe4 30. Rc6 Bxc6 31. Rxc6 Bxg3 32. Bxg3 Rf8 33. d5 Qg5 34. Rxe6 f4
35. exf4 Qxd5 36. Nd4 Nc5 37. Re5 Qxd4 38. Nf5 Qd3 39. Nh6+ Kh8 40. Qf2 Qd1+ 41.
Kg2 0-1

[Event "Nakhchivan Open 2016"]
[Site "Nakhchivan AZE"]
[Date "2016.05.16"]
[Round "7.15"]
[White "Sevgi, Volkan"]
[Black "Mammadzada, Gunay"]
[Result "1/2-1/2"]
[WhiteTitle "FM"]
[BlackTitle "WGM"]
[WhiteElo "2210"]
[BlackElo "2318"]
[WhiteFideId "6325335"]
[BlackFideId "13403729"]
[EventDate "2016.05.10"]

1. e4 c5 2. Nc3 d6 3. g3 Nc6 4. Bg2 g6 5. d3 Bg7 6. Be3 e5 7. Nh3 Nge7 8. O-O
O-O 9. f4 Nd4 10. Qd2 f6 11. Nd1 b6 12. c3 Ndc6 13. Ndf2 Be6 14. d4 exd4 15.
cxd4 cxd4 16. Bxd4 Nxd4 17. Qxd4 Qd7 18. f5 Bf7 19. Ng4 Nc6 20. Nxf6+ Bxf6 21.
Qxf6 Bc4 22. Qh4 Bxf1 23. Rxf1 Rae8 24. Ng5 gxf5 25. exf5 Rxf5 26. Bxc6 Rxf1+
27. Kxf1 Qf5+ 28. Qf4 Qd3+ 29. Kg2 Rf8 30. Qc1 d5 31. Bd7 Qe2+ 32. Kh3 Qh5+ 33.
Kg2 Qe2+ 34. Kh3 Qh5+ 35. Kg2 Qe2+ 36. Kh3 1/2-1/2

[Event "Nakhchivan Open 2016"]
[Site "Nakhchivan AZE"]
[Date "2016.05.16"]
[Round "7.16"]
[White "Emiroglu, Cankut"]
[Black "Gasimov, Parviz"]
[Result "1-0"]
[WhiteTitle "FM"]
[BlackTitle "FM"]
[WhiteElo "2302"]
[BlackElo "2375"]
[WhiteFideId "6306659"]
[BlackFideId "13408798"]
[EventDate "2016.05.10"]

1. e4 e6 2. d4 d5 3. Nd2 Nf6 4. e5 Nfd7 5. Bd3 c5 6. c3 Nc6 7. Ne2 cxd4 8. cxd4
f6 9. exf6 Qxf6 10. Nf3 h6 11. O-O Bd6 12. Nc3 O-O 13. Be3 Rf7 14. h3 Nf8 15.
Nh2 Bd7 16. f4 a6 17. Qd2 Re8 18. Rf2 Ne7 19. Ng4 Qh4 20. Raf1 Nf5 21. Ne5 Bxe5
22. fxe5 Nxe3 23. Qxe3 Ree7 24. Rf4 Qg5 25. h4 Qh5 26. Be2 Qg6 27. Bd3 Qh5 28.
Qg3 Rxf4 29. Rxf4 Be8 30. Rf6 Bc6 31. Rxf8+ Kxf8 32. Bg6 1-0

[Event "Nakhchivan Open 2016"]
[Site "Nakhchivan AZE"]
[Date "2016.05.16"]
[Round "7.17"]
[White "Muradli, Mahammad"]
[Black "Abdulla, Khayala"]
[Result "1-0"]
[WhiteTitle "FM"]
[BlackTitle "WGM"]
[WhiteElo "2352"]
[BlackElo "2209"]
[WhiteFideId "13409301"]
[BlackFideId "13401807"]
[EventDate "2016.05.10"]

1. d4 Nf6 2. Nf3 e6 3. c4 b6 4. g3 Ba6 5. b3 Bb4+ 6. Bd2 Be7 7. Bg2 c6 8. Bc3 d5
9. Nbd2 Nbd7 10. O-O O-O 11. Re1 c5 12. e4 dxe4 13. Nxe4 Bb7 14. Nfg5 Nxe4 15.
Nxe4 cxd4 16. Bxd4 Qc7 17. Qe2 Rad8 18. Rad1 Bb4 19. Rf1 Be7 20. Bb2 Rfe8 21.
Rd2 Bxe4 22. Bxe4 Bf6 23. Bc1 Nc5 24. Bf3 g6 25. Rfd1 Rxd2 26. Bxd2 Rd8 27. Be3
a5 28. Bg2 Rxd1+ 29. Qxd1 Qe5 30. a3 Qc3 31. Qd6 Kg7 32. Qxb6 Nxb3 33. c5 Qe1+
34. Bf1 Nd2 35. Qb5 Nxf1 36. Qxf1 Qc3 37. a4 Bd4 38. Bxd4+ Qxd4 39. Qc1 Qe5 40.
c6 Qc7 41. Qb2+ e5 42. Qb7 Qd6 43. c7 e4 44. Qb2+ f6 45. Qc1 1-0

[Event "Nakhchivan Open 2016"]
[Site "Nakhchivan AZE"]
[Date "2016.05.16"]
[Round "7.18"]
[White "Mammadova, Gulnar"]
[Black "Bayramov, Zaur"]
[Result "1-0"]
[WhiteTitle "WGM"]
[WhiteElo "2319"]
[BlackElo "2241"]
[WhiteFideId "13403508"]
[BlackFideId "13405080"]
[EventDate "2016.05.10"]

1. e4 g6 2. d4 Bg7 3. Nc3 d6 4. Be3 c6 5. a4 Nf6 6. Be2 a5 7. h3 Nbd7 8. Nf3 e5
9. dxe5 dxe5 10. O-O O-O 11. Qd6 Re8 12. Rad1 Bf8 13. Qd3 Qc7 14. Qc4 Nb6 15.
Nb5 Qe7 16. Bxb6 Be6 17. Qc5 cxb5 18. Qxe7 Bxe7 19. Bxb5 Rec8 20. c3 Nxe4 21.
Nxe5 Bc5 22. Bxc5 Nxc5 23. Rd4 Kg7 24. Re1 Rd8 25. Red1 Rxd4 26. Rxd4 Kf6 27.
Nf3 h6 28. Kf1 g5 29. Ke2 Rc8 30. Nd2 Ke7 31. b4 Nd7 32. Nc4 axb4 33. cxb4 Nf6
34. Ne3 Rc1 35. a5 Rb1 36. Bd3 Rb2+ 37. Ke1 Nd7 38. Nf5+ Bxf5 39. Bxf5 Nb8 40.
Bc8 Nc6 41. Rd7+ Kf8 42. Bxb7 Nxb4 43. Rd2 Rb1+ 44. Ke2 Ke7 45. Ke3 f5 46. Kd4
Kd6 47. a6 Kc7 48. Ke5 f4 49. Rd4 Kb6 50. Rd6+ Ka7 51. Kf5 Rf1 52. Rxh6 Rxf2 53.
Kxg5 Nd3 54. Rf6 Nc5 55. Bf3 1-0

[Event "Nakhchivan Open 2016"]
[Site "Nakhchivan AZE"]
[Date "2016.05.16"]
[Round "7.19"]
[White "Mamedjarova, Turkan"]
[Black "Bayramov, Elvin"]
[Result "1-0"]
[WhiteTitle "WGM"]
[WhiteElo "2257"]
[BlackElo "2262"]
[WhiteFideId "13402005"]
[BlackFideId "13406655"]
[EventDate "2016.05.10"]

1. e4 c5 2. c3 d6 3. d4 cxd4 4. cxd4 Nf6 5. Nc3 g6 6. Nf3 Bg7 7. Bb5+ Nfd7 8.
O-O O-O 9. Be3 a6 10. Bd3 Nc6 11. Qd2 Nb4 12. Bc4 Nb6 13. Bb3 d5 14. a3 dxe4 15.
Nxe4 N4d5 16. Bh6 Nf6 17. Rfe1 Nbd5 18. Rac1 Bf5 19. Ng3 Be6 20. Qg5 Qb6 21.
Bxg7 Kxg7 22. Bxd5 h6 23. Nh5+ Nxh5 24. Qe5+ Nf6 25. Bxe6 fxe6 26. Rc7 Rae8 27.
Rc2 Rc8 28. Rce2 Rfd8 29. Qg3 Qb3 30. Rxe6 Rd7 31. Rxe7+ Rxe7 32. Rxe7+ Kf8 33.
Re1 Re8 34. Qd6+ Kf7 35. Rxe8 Kxe8 36. h3 Nd7 37. Qxg6+ Kd8 38. Qxh6 Qxb2 39.
Qd6 b5 40. g3 Ke8 41. Qxa6 Ke7 42. d5 Nc5 43. Qc6 Nd3 44. Qe6+ Kd8 45. Qg8+ 1-0

[Event "Nakhchivan Open 2016"]
[Site "Nakhchivan AZE"]
[Date "2016.05.16"]
[Round "7.20"]
[White "Mustafin, Andrey"]
[Black "Ibrahimova, Sabina"]
[Result "1-0"]
[WhiteTitle "FM"]
[BlackTitle "WIM"]
[WhiteElo "2299"]
[BlackElo "2184"]
[WhiteFideId "13406744"]
[BlackFideId "13403893"]
[EventDate "2016.05.10"]

1. b3 c5 2. Bb2 Nc6 3. f4 d5 4. e3 Nf6 5. Bb5 g6 6. Nf3 Bg7 7. Bxc6+ bxc6 8. O-O
O-O 9. Nc3 Ba6 10. Re1 Bb5 11. Qc1 a5 12. Ne5 Qc7 13. Nd1 c4 14. bxc4 dxc4 15.
Nf3 c5 16. Rb1 Bc6 17. Ne5 Bd5 18. Nc3 Be6 19. Nb5 Qc8 20. a4 Ne4 21. Nc3 Nxc3
22. Bxc3 Bxe5 23. Bxe5 Qc6 24. Rb5 Bd5 25. Re2 f6 26. Bc3 Rfb8 27. e4 Bxe4 28.
Qe1 Bd5 29. Rxe7 Bxg2 30. Qh4 h5 31. Qg3 Kf8 32. Rh7 Re8 33. Rbb7 Be4 34. Rh8# 1-0

[Event "Nakhchivan Open 2016"]
[Site "Nakhchivan AZE"]
[Date "2016.05.16"]
[Round "7.21"]
[White "Mamedjarova, Zeinab"]
[Black "Balajayeva, Khanim"]
[Result "1-0"]
[WhiteTitle "WGM"]
[BlackTitle "WFM"]
[WhiteElo "2236"]
[BlackElo "2180"]
[WhiteFideId "13401521"]
[BlackFideId "13406396"]
[EventDate "2016.05.10"]

1. d4 f5 2. g3 Nf6 3. Bg2 e6 4. Nh3 d5 5. Nf4 Bd6 6. O-O O-O 7. Nd2 Bxf4 8. gxf4
c6 9. Nf3 Nbd7 10. Ne5 Qe8 11. a4 Nxe5 12. fxe5 Nd7 13. Ra3 b6 14. Rg3 1-0

[Event "Nakhchivan Open 2016"]
[Site "Nakhchivan AZE"]
[Date "2016.05.16"]
[Round "7.22"]
[White "Khalafova, Narmin"]
[Black "Zarinfam, Arsalan"]
[Result "1-0"]
[WhiteTitle "WIM"]
[BlackTitle "FM"]
[WhiteElo "2193"]
[BlackElo "2301"]
[WhiteFideId "13402625"]
[BlackFideId "12504262"]
[EventDate "2016.05.10"]

1. e4 e5 2. Nf3 Nc6 3. Bb5 a6 4. Ba4 Nf6 5. O-O Be7 6. d3 b5 7. Bb3 O-O 8. a4
Bb7 9. axb5 axb5 10. Rxa8 Qxa8 11. Nc3 b4 12. Nd5 Nxd5 13. Bxd5 Nd4 14. Nxd4
exd4 15. Bb3 d5 16. Re1 dxe4 17. dxe4 c5 18. Qg4 Qc8 19. Qg3 Kh8 20. Bc4 Ba6 21.
Bd5 Qd8 22. b3 Bh4 23. Qf4 h6 24. Qe5 Bc8 25. Bf4 Bg5 26. Bg3 f5 27. f4 Bf6 28.
Qb8 fxe4 29. Bxe4 Bh4 30. Qe5 Bxg3 31. hxg3 Re8 32. Qxc5 Qf6 33. Kf2 g5 34. Qc7
d3 35. Qh7# 1-0

[Event "Nakhchivan Open 2016"]
[Site "Nakhchivan AZE"]
[Date "2016.05.16"]
[Round "7.23"]
[White "Mammadova, Narmin"]
[Black "Ahmadzada, Ahmad"]
[Result "1-0"]
[WhiteTitle "WIM"]
[BlackTitle "CM"]
[WhiteElo "2183"]
[BlackElo "2207"]
[WhiteFideId "13403710"]
[BlackFideId "13413007"]
[EventDate "2016.05.10"]

1. e4 c5 2. c3 Nf6 3. e5 Nd5 4. Nf3 e6 5. d4 cxd4 6. cxd4 d6 7. Bd3 Nc6 8. a3
Be7 9. O-O O-O 10. Qe2 dxe5 11. dxe5 b6 12. Qe4 g6 13. Bh6 Re8 14. Nbd2 Bb7 15.
Rac1 a6 16. Bb1 b5 17. Qg4 Qb8 18. Rfe1 Ra7 19. h4 Bf8 20. Bxf8 Rxf8 21. h5 Kg7
22. Ng5 Nde7 23. Qh4 Nf5 24. Bxf5 gxf5 25. Nge4 Qd8 26. h6+ Kh8 27. Nf6 Rg8 28.
Nf3 Rg6 29. Rcd1 Qf8 30. Ng5 Bc8 31. Rc1 Nxe5 32. Nfxh7 Qg8 33. Rxe5 f6 34. Rec5
fxg5 35. Qd4+ Kxh7 36. Rxc8 1-0

[Event "Nakhchivan Open 2016"]
[Site "Nakhchivan AZE"]
[Date "2016.05.16"]
[Round "7.24"]
[White "Suleymanli, Aydin"]
[Black "Fataliyeva, Ulviyya"]
[Result "0-1"]
[WhiteTitle "CM"]
[BlackTitle "WIM"]
[WhiteElo "2091"]
[BlackElo "2301"]
[WhiteFideId "13413937"]
[BlackFideId "13403052"]
[EventDate "2016.05.10"]

1. d4 e6 2. c4 b6 3. Nc3 Bb7 4. e4 Bb4 5. Qc2 Qh4 6. Bd3 f5 7. g3 Qh5 8. Ne2 Qf3
9. O-O Bxc3 10. Nxc3 Nc6 11. Be3 Nb4 12. Qe2 fxe4 13. Qxf3 exf3 14. Bb1 Nf6 15.
h3 O-O 16. Re1 d6 17. a3 Nc6 18. b4 a5 19. b5 Nd8 20. Bd3 Nf7 21. Bd2 Rae8 22.
Rac1 e5 23. d5 Bc8 24. g4 Nd8 25. Kh2 Nb7 26. Ne4 Nxe4 27. Bxe4 Nc5 28. Bc2 e4
29. Kg3 h5 30. Bc3 g5 31. Bd2 Re5 32. Be3 hxg4 33. hxg4 Nd3 34. Rh1 Nf4 35. Bxf4
gxf4+ 36. Kh2 0-1

[Event "Nakhchivan Open 2016"]
[Site "Nakhchivan AZE"]
[Date "2016.05.17"]
[Round "8.1"]
[White "Safarli, Eltaj"]
[Black "Alekseev, Evgeny"]
[Result "1-0"]
[WhiteTitle "GM"]
[BlackTitle "GM"]
[WhiteElo "2664"]
[BlackElo "2633"]
[WhiteFideId "13402129"]
[BlackFideId "4138147"]
[EventDate "2016.05.10"]

1. e4 e5 2. Nf3 Nc6 3. Bb5 a6 4. Ba4 Nf6 5. O-O Be7 6. Re1 b5 7. Bb3 d6 8. c3
O-O 9. h3 Nb8 10. d4 Nbd7 11. c4 c6 12. Nc3 Bb7 13. a3 h6 14. Be3 Re8 15. Ba2
Bf8 16. Qb3 Qe7 17. Nh4 exd4 18. Nf5 Qd8 19. Bxd4 Re6 20. cxb5 axb5 21. Rad1 Nb6
22. Re3 Nc4 23. Rg3 g6 24. Ne3 Ba6 25. Qc2 Bg7 26. a4 Nh5 27. axb5 cxb5 28. Rf3
Bxd4 29. Rxd4 Ne5 30. Bxe6 fxe6 31. Qd1 Nxf3+ 32. Qxf3 e5 33. Rd2 Nf4 34. Qd1 b4
35. Rxd6 Qf8 36. Qb3+ Kh8 37. Qxb4 Nd3 38. Qb6 Rb8 39. Rf6 Rxb6 40. Rxf8+ Kg7
41. Ra8 Nc5 42. Ra7+ Kf8 43. Ng4 Rxb2 44. Nxe5 Rb7 45. Rxb7 Bxb7 46. Nxg6+ 1-0

[Event "Nakhchivan Open 2016"]
[Site "Nakhchivan AZE"]
[Date "2016.05.17"]
[Round "8.2"]
[White "Kuzubov, Yuriy"]
[Black "Tiviakov, Sergei"]
[Result "1/2-1/2"]
[WhiteTitle "GM"]
[BlackTitle "GM"]
[WhiteElo "2632"]
[BlackElo "2591"]
[WhiteFideId "14112906"]
[BlackFideId "1008013"]
[EventDate "2016.05.10"]

1. e4 e6 2. d4 d5 3. Nc3 Nf6 4. Bg5 dxe4 5. Nxe4 Nbd7 6. Nf3 Be7 7. Nxf6+ Bxf6
8. Qd2 Bxg5 9. Nxg5 O-O 10. O-O-O Nf6 11. Be2 b6 12. Bf3 Rb8 13. Ne4 Bb7 14.
Nxf6+ Qxf6 15. Bxb7 Rxb7 1/2-1/2

[Event "Nakhchivan Open 2016"]
[Site "Nakhchivan AZE"]
[Date "2016.05.17"]
[Round "8.4"]
[White "Mirzoev, Azer"]
[Black "Pavlov, Sergey2"]
[Result "1/2-1/2"]
[WhiteTitle "GM"]
[BlackTitle "IM"]
[WhiteElo "2510"]
[BlackElo "2452"]
[WhiteFideId "13400304"]
[BlackFideId "14114330"]
[EventDate "2016.05.10"]

1. d4 Nf6 2. Nf3 d5 3. c4 e6 4. Nc3 dxc4 5. e3 a6 6. Bxc4 b5 7. Be2 Bb7 8. O-O
Nbd7 9. b3 c5 10. Bb2 Qb8 11. Rc1 Bd6 12. h3 O-O 13. dxc5 Nxc5 1/2-1/2

[Event "Nakhchivan Open 2016"]
[Site "Nakhchivan AZE"]
[Date "2016.05.17"]
[Round "8.5"]
[White "Khenkin, Igor"]
[Black "Bashirli, Nail"]
[Result "1/2-1/2"]
[WhiteTitle "GM"]
[BlackTitle "FM"]
[WhiteElo "2575"]
[BlackElo "2384"]
[WhiteFideId "4659600"]
[BlackFideId "13406809"]
[EventDate "2016.05.10"]

1. Nf3 Nf6 2. g3 d5 3. Bg2 c6 4. d4 Bg4 5. c4 e6 6. Qb3 Qb6 7. Nc3 Nbd7 8. O-O
Be7 9. Re1 O-O 10. c5 Qxb3 11. axb3 b6 12. b4 a5 13. b5 Bxf3 14. Bxf3 bxc5 15.
bxc6 cxd4 16. Nxd5 exd5 17. cxd7 Rfd8 18. Rd1 Bc5 19. b3 Rxd7 20. Bb2 Rb7 21.
Bxd4 Bxd4 22. Rxd4 Rb5 23. Rda4 Rxb3 24. Rxa5 Rxa5 25. Rxa5 g6 26. Bxd5 Nxd5 27.
Rxd5 Rb2 28. e3 h5 29. Kg2 Kg7 30. Rd6 Rc2 31. Kf3 Rb2 32. h3 Rc2 33. Rd3 Rb2
34. e4 Ra2 35. Ke3 Rb2 36. g4 hxg4 37. hxg4 Kf6 38. f4 Rb1 39. e5+ Ke6 40. Rd6+
Ke7 41. f5 gxf5 42. gxf5 Re1+ 43. Kf4 Rf1+ 44. Ke4 Re1+ 45. Kd5 Rd1+ 46. Kc6
Rc1+ 47. Kb6 Rc2 48. f6+ Ke8 49. Rd5 Rc1 50. Rc5 Rb1+ 51. Kc6 Rd1 52. Ra5 Rc1+
53. Kd5 Rd1+ 54. Kc4 Rc1+ 55. Kd5 Rd1+ 56. Ke4 Re1+ 57. Kf5 Rf1+ 58. Kg4 Rg1+
59. Kf3 Kd7 60. Ra6 Re1 61. Rd6+ Ke8 62. Rd5 Rf1+ 63. Ke2 Rb1 64. Kd3 Rd1+ 65.
Kc4 Rc1+ 66. Kd4 Rd1+ 67. Kc5 Ra1 68. Rd3 Ra5+ 69. Kd6 Ra6+ 70. Kd5 Ra1 71. Rb3
Rd1+ 72. Ke4 Re1+ 73. Kf5 Rf1+ 74. Kg4 Rg1+ 75. Kf4 Rf1+ 76. Rf3 Rb1 77. Kf5 Ra1
78. Rf4 Rb1 79. Ra4 Rf1+ 80. Kg5 Rg1+ 81. Rg4 Rh1 82. Ra4 Rg1+ 83. Kf4 Rf1+ 84.
Kg4 Rg1+ 85. Kf3 Rf1+ 86. Ke2 Rb1 87. Ra8+ Kd7 88. Rf8 Ke6 89. Re8+ Kf5 90. Kd3
Rb4 91. Re7 Re4 92. Rxf7 Rxe5 93. Rf8 Kg6 1/2-1/2

[Event "Nakhchivan Open 2016"]
[Site "Nakhchivan AZE"]
[Date "2016.05.17"]
[Round "8.6"]
[White "Beradze, Irakli"]
[Black "Abasov, Nijat"]
[Result "1/2-1/2"]
[BlackTitle "GM"]
[WhiteElo "2425"]
[BlackElo "2571"]
[WhiteFideId "13604597"]
[BlackFideId "13402960"]
[EventDate "2016.05.10"]

1. d4 Nf6 2. c4 e6 3. Nf3 c5 4. d5 b5 5. Bf4 exd5 6. cxd5 Bb7 7. e4 Nxe4 8. Nc3
Nxc3 9. bxc3 Qa5 10. Qd2 Be7 11. Rb1 a6 12. c4 Qxd2+ 13. Nxd2 f5 14. Bd3 d6 15.
h4 Nd7 16. O-O Kd8 17. Rfe1 Re8 18. g3 g6 19. Re6 Bf8 20. Rxe8+ Kxe8 21. cxb5
axb5 22. Bxb5 Bxd5 23. Nc4 Kd8 24. Nxd6 Bxd6 25. Bxd6 Rxa2 26. Bxd7 Kxd7 27.
Bxc5 1/2-1/2

[Event "Nakhchivan Open 2016"]
[Site "Nakhchivan AZE"]
[Date "2016.05.17"]
[Round "8.7"]
[White "Noroozi, Omid"]
[Black "Burmakin, Vladimir"]
[Result "0-1"]
[WhiteTitle "IM"]
[BlackTitle "GM"]
[WhiteElo "2391"]
[BlackElo "2554"]
[WhiteFideId "12501190"]
[BlackFideId "4105109"]
[EventDate "2016.05.10"]

1. c4 c6 2. Nf3 Nf6 3. Nc3 d5 4. e3 g6 5. d4 Bg7 6. Be2 O-O 7. O-O e6 8. Qc2
Nbd7 9. e4 dxe4 10. Nxe4 Nxe4 11. Qxe4 c5 12. Be3 cxd4 13. Bxd4 e5 14. Bc3 Re8
15. Rad1 Qc7 16. b4 Nf6 17. Qb1 e4 18. Nd4 a6 19. Qa1 Ng4 20. g3 e3 21. f3 Nf2
22. Rc1 Be5 23. Rxf2 exf2+ 24. Kxf2 Bd7 25. f4 Bg7 26. c5 Bc6 27. Nxc6 Bxc3 28.
Qxc3 Qxc6 29. Bf3 Qc7 30. h4 h5 31. a4 Rad8 32. b5 axb5 33. axb5 Qd7 34. c6 bxc6
35. Bxc6 Qa7+ 36. Qc5 Rd2+ 37. Kf3 Rd3+ 38. Kf2 Qa2+ 39. Rc2 Rd2+ 0-1

[Event "Nakhchivan Open 2016"]
[Site "Nakhchivan AZE"]
[Date "2016.05.17"]
[Round "8.8"]
[White "Malakhatko, Vadim"]
[Black "Hasanzade, Toghrul"]
[Result "1/2-1/2"]
[WhiteTitle "GM"]
[BlackTitle "FM"]
[WhiteElo "2501"]
[BlackElo "2326"]
[WhiteFideId "14104202"]
[BlackFideId "13407716"]
[EventDate "2016.05.10"]

1. c4 e5 2. Nc3 Nf6 3. e3 Nc6 4. a3 d5 5. cxd5 Nxd5 6. Qc2 Be6 7. Nf3 Bd6 8. Ne4
h6 9. b4 f5 10. Nc5 Bxc5 11. Qxc5 Qd6 12. Bb2 a5 13. Qxd6 cxd6 14. bxa5 Nxa5 15.
d4 e4 16. Nd2 Ke7 17. g4 f4 18. exf4 Bxg4 19. Rg1 Bf5 20. Rxg7+ Kf8 21. Rg3 Nxf4
22. Rc1 Rg8 23. Nc4 Rxg3 24. hxg3 Nxc4 25. Rxc4 Nd3+ 26. Bxd3 exd3 27. Bc1 Re8+
28. Be3 h5 29. Kd2 Kf7 30. d5 Re4 31. Rc7+ Re7 32. Rc1 Be4 33. Bg5 Re5 34. Rc7+
Kg6 35. Bf4 Rxd5 36. Rxb7 Rc5 37. Rb2 d5 38. a4 Kf5 39. Bd6 Rc6 40. Bb4 d4 41.
Bf8 Kg4 42. Bg7 Rc4 43. Ra2 Kf3 44. a5 Kxf2 45. a6 Rc2+ 46. Rxc2 dxc2 47. Bxd4+ 1/2-1/2

[Event "Nakhchivan Open 2016"]
[Site "Nakhchivan AZE"]
[Date "2016.05.17"]
[Round "8.9"]
[White "Pirverdiyev, Agil"]
[Black "Naghdiyev, Niyazi"]
[Result "1-0"]
[BlackTitle "FM"]
[WhiteElo "2355"]
[BlackElo "2351"]
[WhiteFideId "13400568"]
[BlackFideId "13405519"]
[EventDate "2016.05.10"]

1. e4 c6 2. d4 d5 3. e5 Bf5 4. Nf3 e6 5. Be2 c5 6. O-O Nc6 7. c3 cxd4 8. cxd4
Nge7 9. h3 Nc8 10. Nc3 Nb6 11. Bg5 Be7 12. Bxe7 Qxe7 13. Qd2 a6 14. Rac1 O-O 15.
b3 Qb4 16. Rfd1 h6 17. Kh2 Rac8 18. Qe3 Bh7 19. Nb1 Na5 20. Bd3 Bxd3 21. Qxd3
Rxc1 22. Rxc1 Rc8 23. Rg1 Qb5 24. Qd2 Nxb3 25. axb3 Qxb3 26. Qf4 Rc2 27. Nbd2
Qc3 28. Rb1 Rb2 29. Rxb2 Qxb2 30. g4 Qc2 31. g5 h5 32. g6 Qxg6 33. Qh4 f6 34.
exf6 gxf6 35. Qf4 Qf7 36. Nf1 a5 37. Ng3 Nc4 38. Qh6 Qg7 39. Qxh5 Kf8 40. Qh4
Ke7 41. Qf4 Nd6 42. Qc1 Kd8 43. h4 a4 44. Qa3 Qd7 45. h5 Nc4 46. Qf8+ Qe8 47.
Qxf6+ Kc7 48. Ne5 a3 49. Nxc4 a2 50. Qe5+ Kd8 51. Qb8+ Ke7 52. Qxb7+ Qd7 53.
Qb4+ Kf6 54. Ne5 Qc8 55. Qa3 a1=Q 56. Qxa1 Qc2 57. Kg2 Kg5 58. Qa7 1-0

[Event "Nakhchivan Open 2016"]
[Site "Nakhchivan AZE"]
[Date "2016.05.17"]
[Round "8.10"]
[White "Karayev, Kanan"]
[Black "Asadli, Vugar"]
[Result "0-1"]
[WhiteTitle "CM"]
[BlackTitle "FM"]
[WhiteElo "2216"]
[BlackElo "2397"]
[WhiteFideId "13406671"]
[BlackFideId "13405764"]
[EventDate "2016.05.10"]

1. d4 Nf6 2. Nc3 d5 3. Bg5 Bf5 4. Nf3 e6 5. e3 h6 6. Bh4 Bb4 7. Bd3 Bxd3 8. cxd3
c6 9. Qb3 Qb6 10. O-O Be7 11. Qc2 Nbd7 12. Ne5 g5 13. Bg3 h5 14. f4 h4 15. Bf2
Nxe5 16. fxe5 Nh5 17. e4 Rh7 18. Be3 g4 19. exd5 cxd5 20. Ne2 Rd8 21. Rac1 Ng7
22. Qc7 Nf5 23. Qxb6 axb6 24. Bf4 Kd7 25. Rc3 Rc8 26. Rfc1 Rc6 27. Rb3 Kc7 28.
a3 Rh8 29. Rbc3 Ra8 30. Kf2 Ra4 31. b4 b5 32. Ke1 Kd7 33. Kd2 Bd8 34. Rxc6 bxc6
35. Ra1 Be7 36. Kc3 Bxb4+ 37. Kb3 Be7 38. Kc3 Bd8 39. Kd2 0-1

[Event "Nakhchivan Open 2016"]
[Site "Nakhchivan AZE"]
[Date "2016.05.17"]
[Round "8.11"]
[White "Mammadzada, Gunay"]
[Black "Rasulov, Vugar"]
[Result "1/2-1/2"]
[WhiteTitle "WGM"]
[BlackTitle "GM"]
[WhiteElo "2318"]
[BlackElo "2486"]
[WhiteFideId "13403729"]
[BlackFideId "13402390"]
[EventDate "2016.05.10"]

1. e4 e5 2. Nf3 Nc6 3. Bb5 a6 4. Ba4 Nf6 5. O-O b5 6. Bb3 Bc5 7. c3 d6 8. d4 Bb6
9. Be3 O-O 10. Nbd2 Bb7 11. Re1 h6 12. h3 exd4 13. cxd4 Nb4 14. Qb1 c5 15. a3 c4
16. axb4 cxb3 17. d5 Rc8 18. Qd3 Re8 19. Qxb3 Re7 20. Qd3 Bxe3 21. Rxe3 Rec7 22.
Nd4 Nd7 23. f4 Qf6 24. Rf1 Rc1 25. Rf3 Nb6 26. N2b3 Rxf1+ 27. Rxf1 Nc4 28. Rf2
g6 29. g3 h5 30. h4 Re8 31. Re2 Bc8 32. Qc3 Bg4 33. Re1 Qg7 34. Na5 Nb6 35. Nac6
Bd7 36. Kf2 Kf8 37. Nf3 Qxc3 38. bxc3 f5 39. Ng5 fxe4 40. Nxe4 Nxd5 41. Nd4 Bg4
42. Kf1 Rc8 43. Ra1 Bh3+ 44. Kf2 Nxc3 45. Nxc3 Rxc3 46. Rxa6 Ke7 47. Nxb5 Rd3
48. Ra3 Rd2+ 49. Ke3 Rg2 50. Kd4 Rd2+ 51. Ke3 Rg2 52. Kf3 Rb2 53. Ra7+ Ke6 54.
Nc7+ Kf6 55. b5 Kf5 56. Ra6 Rc2 57. b6 Bg2+ 58. Ke3 Kg4 59. Ra5 Kxg3 60. Rg5+
Kxh4 61. Rxg6 Bb7 62. f5 Rb2 63. Rxd6 Kg5 64. f6 Kg6 65. Ne6 Rb3+ 66. Kd4 Rb1
67. f7 Rd1+ 68. Kc5 Rc1+ 69. Kb4 Rb1+ 70. Kc3 Kxf7 71. Nd8+ Kg7 72. Nxb7 h4 73.
Nc5 h3 74. Nd3 h2 75. Nf2 Rc1+ 76. Kd4 Rd1+ 77. Kc5 Rc1+ 78. Kd4 Rd1+ 79. Kc5
Rc1+ 80. Kd4 1/2-1/2

[Event "Nakhchivan Open 2016"]
[Site "Nakhchivan AZE"]
[Date "2016.05.17"]
[Round "8.12"]
[White "Sevdimaliyev, Urfan"]
[Black "Emiroglu, Cankut"]
[Result "1/2-1/2"]
[WhiteTitle "GM"]
[BlackTitle "FM"]
[WhiteElo "2400"]
[BlackElo "2302"]
[WhiteFideId "13402463"]
[BlackFideId "6306659"]
[EventDate "2016.05.10"]

1. d4 Nf6 2. Nf3 e6 3. Bg5 h6 4. Bh4 c5 5. e3 cxd4 6. exd4 Be7 7. Bd3 b6 8. O-O
Bb7 9. Nbd2 O-O 10. Re1 d6 11. a4 a5 12. c3 Nbd7 13. Nc4 Qc7 14. Na3 Bc6 15. Nb5
Bxb5 16. Bxb5 d5 17. Bd3 Bd6 18. Qe2 Bf4 19. Ne5 Nxe5 20. dxe5 Nd7 21. Be7 Rfe8
22. Bd6 Qd8 23. c4 Bg5 24. cxd5 exd5 25. Qf3 Bd2 26. Re2 Bb4 27. Bb5 Bxd6 28.
exd6 Re6 29. Bc6 Ne5 30. Rxe5 Rxe5 31. Bxa8 Qxa8 32. Qc3 d4 33. Qxd4 Qd5 34.
Qxb6 Re6 35. h3 Rxd6 36. Qb5 Qd2 37. b3 g6 38. Qe8+ Kg7 39. Qe5+ Kh7 40. Qe7 Rd7
41. Qe1 Qd5 42. b4 axb4 43. Qxb4 Rb7 44. Qc3 Ra7 45. a5 Ra6 46. Qb4 Qe5 47. Ra3
Qd5 48. Qf8 Ra8 49. Qe7 Ra6 50. Qf8 h5 51. Rf3 Ra7 52. a6 Qe6 53. h4 Qxa6 54.
Rxf7+ Rxf7 55. Qxf7+ Kh8 56. g3 Qc6 57. Kh2 Qc2 58. Kg2 Qd3 59. Qe8+ Kh7 60.
Qe7+ Kg8 61. Qb7 Kh8 62. Qf3 Qb1 63. Qf8+ Kh7 64. Qe7+ Kg8 65. Kf3 Qf5+ 66. Ke3
Qc2 67. Qd7 Qc5+ 68. Kf3 Qc2 69. Qe6+ Kg7 70. Qe7+ Kg8 71. Qf6 Kh7 72. Qf7+ Kh6
73. Ke3 Qc3+ 74. Ke4 Qc2+ 75. Ke5 Qc3+ 76. Ke6 Qc4+ 77. Kf6 Qd4+ 78. Ke7 Qc5+
79. Kd7 Qa7+ 80. Ke8 Qb8+ 81. Ke7 Qb4+ 82. Kd8 Qb8+ 1/2-1/2